| 000 | 00356cam a2200145ua 4500 | ||
|---|---|---|---|
| 003 | OSt | ||
| 008 | 231113b |||||||| |||| 00| 0 eng d | ||
| 041 | _aeng | ||
| 082 |
_a306 _bSRI/FA |
||
| 100 |
_aSrinivasan, R . _95576 |
||
| 245 | _aFacets of Indian culture / | ||
| 260 |
_aMumbai : _bBharatiya Vidya Bhavan , _c1962. |
||
| 300 | _a271 ; . | ||
| 942 | _cBK | ||
| 999 |
_c1817 _d1817 |
||